000 00766nam a22002177a 4500
003 SISC
005 20170530091254.0
008 170530b xxu||||| |||| 00| 0 eng d
020 _a9781412997461
050 _aHA 29
_b.C791 2015
100 _aCorbin, Juliet.
245 _aBasics of qualitative research :
_btechniques and procedures for developing grounded theory /
_cJuliet Corbin, Anselm Strauss.
250 _a4th edition.
260 _aLos Angeles :
_bSage,
_c2015.
300 _axviii, 431 pages :
_billustrations ;
_c23 cm.
500 _aIncludes bibliographical references and index.
650 _aSocial sciences -- Statistical methods.
650 _aSciences sociales -- Méthodes statistiques.
650 _aGrounded theory.
942 _2lcc
_cBK
999 _c335184
_d335184